| Tag |
First Indicator |
Second Indicator |
Subfields |
| LEADER |
00000cam a22000001 4500 |
| 001 |
in00000056744 |
| 005 |
20151008050358.0 |
| 008 |
740514s1967 vau 00000beng |
| 010 |
|
|
|a 67010206
|
| 019 |
|
|
|a 1910364
|a 2103263
|
| 035 |
|
|
|a (OCoLC)00652860
|
| 035 |
|
|
|9 AAG0717AM
|
| 040 |
|
|
|a DLC
|c DLC
|d TXA
|d UtOrBLW
|
| 049 |
|
|
|a TXAM
|c [475086]
|
| 050 |
0 |
0 |
|a B3213.B84
|b S6 1967
|
| 082 |
0 |
|
|a 193
|
| 092 |
|
|
|a 193
|b B917s
|
| 100 |
1 |
|
|a Smith, Ronald Gregor.
|
| 245 |
1 |
0 |
|a Martin Buber.
|
| 264 |
|
1 |
|a Richmond :
|b John Knox Press,
|c [1967]
|
| 300 |
|
|
|a 45 pages ;
|c 19 cm.
|
| 336 |
|
|
|a text
|b txt
|2 rdacontent
|
| 337 |
|
|
|a unmediated
|b n
|2 rdamedia
|
| 338 |
|
|
|a volume
|b nc
|2 rdacarrier
|
| 490 |
1 |
|
|a Makers of contemporary theology
|
| 600 |
1 |
0 |
|a Buber, Martin,
|d 1878-1965.
|
| 830 |
|
0 |
|a Makers of contemporary theology.
|
| 999 |
|
|
|a MARS
|
| 999 |
f |
f |
|s ad9b401d-e23d-3af8-84f8-cda2ddac0a04
|i 09b4525a-ad94-3e8a-ad1a-96dc33535c17
|t 0
|
| 952 |
f |
f |
|p ric
|a Texas A&M University
|b Rellis Campus
|c Joint Library Facility
|d Remote Storage
|t 0
|e B3213.B84 S6 1967
|h Library of Congress classification
|i unmediated -- volume
|m A14800543487
|
| 998 |
f |
f |
|a B3213.B84 S6 1967
|t 0
|l Remote Storage
|